Better Call Saul Characters by Picture - Statistics

General Stats
  • This quiz has been taken 2,393 times
    2,392 since last reset
  • The average score is 12 of 16
Answer Stats
Picture Answer % Correct
Jimmy McGill
100%
Mike Ehrmantraut
97%
Gus Fring
96%
Chuck McGill
93%
Kim Wexler
92%
Nacho Varga
92%
Hector Salamanca
91%
Howard Hamlin
89%
Lalo Salamanca
88%
Lyle
59%
Werner Ziegler
58%
Tyrus
52%
Richard Schweikart
43%
Francesca
41%
Clifford Main
40%
Bill Oakley
33%
No matching quizzes found
Score Distribution
Percent of People with Each Score
Percentile by Number Answered
Your Score History
You have not taken this quiz since the last reset